Geography - I - Statistics

General Stats
  • This quiz has been taken 42 times
  • The average score is 10 of 15
Answer Stats
Hint Answer % Correct
This subcontinent's first empires were rooted in Magadha. India
98%
The capital city of Pakistan. Islamabad
95%
Apennine nation. Italy
90%
Abraham Lincoln was from this U.S. state. Illinois
88%
Peninsula in southwestern Europe. Iberia
86%
The capital city of Indiana. Indianapolis
83%
Founded by Greek colonists as Byzantion. Istanbul
79%
Indigenous cultural group in North America and Siberia. Inuit
69%
Region of Southeast Asia. Indochina
64%
Japanese island which was subject to a brutal siege in 1945. Iwo Jima
62%
City in northern Scotland. Inverness
60%
South Korean city to Seoul's immediate Southwest. Incheon
52%
Russian oblast which borders Lake Baikal. Irkutsk
36%
Ancient region of western Anatolia. Ionia
10%
Turkish city historically known as Alexandretta. İskenderun
5%
No matching quizzes found
Score Distribution
Percent of People with Each Score
Percentile by Number Answered
Your Score History
You have not taken this quiz